Normal view
MARC view
Entry Personal Name
001 - CONTROL NUMBER
- control field: 7930
003 - CONTROL NUMBER IDENTIFIER
- control field: Ke-BoTe
005 - DATE AND TIME OF LATEST TRANSACTION
- control field: 20220608153626.0
008 - FIXED-LENGTH DATA ELEMENTS
- fixed length control field: 220608|| aca||aabn | a|a d
040 ## - CATALOGING SOURCE
- Original cataloging agency: Ke-BoTe
- Transcribing agency: Ke-BoTe
100 ## - HEADING--PERSONAL NAME
- Personal name: Larson, Elaine .
- Fuller form of name: Elaine Larson
670 ## - SOURCE DATA FOUND
- Source citation: Work cat.: (Ke-BoTe)3736: Larson, Elaine . Elaine Larson., Critical care nursing /, c1983.
